| 000 | 00771nas a2200217 4500 | ||
|---|---|---|---|
| 001 | BR7705031 | ||
| 003 | BR-BrBNA | ||
| 005 | 20231205083238.0 | ||
| 007 | ta | ||
| 008 | 230509b bl.|||p| |||| 00| 00por d | ||
| 040 |
_aBR-BrBNA _bpor _cBiblioteca Nacional de Agricultura |
||
| 041 | _a(Pt) | ||
| 072 | _aP12; U10 | ||
| 100 | 1 | _aSa, P.R. de | |
| 245 | 1 | _aEscoamento de fluidos atraves de orificios circulares, reducao de uma formula geral para a descarga [hidraulica agricola, matematica] | |
| 650 | _aHIDRAULICA AGRICOLA | ||
| 650 | _aMATEMATICA | ||
| 773 | 0 |
_tBoletim Tecnico - Departamento Nacional de Obras Contra as Secas (Brazil) _xISSN 0374-6658 _g(Jul 1977), v. 35(2) p. 211-248 _wBR7705031 |
|
| 909 |
_a202311 _bLúcia _c55 _dLúcia Elande |
||
| 942 |
_2AGRIS _n0 _cANA |
||
| 999 |
_c97446 _d97446 |
||